000 00689nam a2200205Ia 4500
003 GCL
005 20240530102706.0
008 140319s9999 xx 000 0 ara d
040 _aGCL /
_cGCL
082 0 4 _a811.1
_bى د
100 1 _aيوسف شكرى فرحات
245 1 0 _aديوان الصعاليك : الشنفرى, عروة بن الورد, تابط شرا, السليك بن السلكة /
_cيوسف شكرى فرحات
260 _a[S.N] :
_bدار الجيل ،
_c1992
300 _a200 ص
650 0 4 _aالشعر العربى
650 0 4 _aالادب العربى
650 0 4 _aالعصر الجاهلى
650 0 4 _aدواوين وقصائد
942 _2ddc
_cBK
999 _c34037
_d34037